| 000 | 00607nam a22002177a 4500 | ||
|---|---|---|---|
| 003 | OSt | ||
| 005 | 20240412113220.0 | ||
| 008 | 210922b ||||| |||| 00| 0 eng d | ||
| 020 | _a0813807093 | ||
| 040 | _cDDC | ||
| 082 | _a597 CAR 1969 | ||
| 100 |
_aEdited by Carlander,Kenneth D. _916952 |
||
| 245 | _aHandbook of Freshwater Fishery Biology. | ||
| 250 | _aVol. one | ||
| 260 |
_aUSA; _bThe Iowa State University Press _c1969 |
||
| 300 |
_avi,752p; _bill; _c25cm. |
||
| 504 | _aIncludes; references and index. | ||
| 650 |
_aBiology fish _95602 |
||
| 650 |
_aFreshwater _916953 |
||
| 942 |
_2ddc _cO_SHELF |
||
| 999 |
_c7260 _d7260 |
||